Návrh a implementácia 2D meracej technológie na rozmerovú kontrolu pomocou priemyselných senzorov

Saved in:
Bibliographic Details
Main Author: Tóth, Alexander (Author)
Other Authors: Morovič, Ladislav (Thesis advisor)
Format: Manuscript Book
Language:Slovak
Published: 2022
Subjects:
Online Access:http://is.stuba.sk/zp/portal_zp.pl?podrobnosti=164553
Tags: Add Tag
No Tags, Be the first to tag this record!

MARC

LEADER 00000ntm a22000003a 4500
001 stuzp89443
003 SK-STU
005 20220611212345.8
007 ta
008 150427s2015----xo-----f-mn---000-0-slo-d
040 |a STU  |b slo 
041 0 |a slo 
100 1 |a Tóth, Alexander  |u 063000  |k Z4  |4 aut  |U MTF Materiálovotechnologická fakulta  |T MTF Ústav výrobných technológií  |X 54212  |U M3000  |Y 83  |7 54212 
242 0 1 |a Design and implementation of 2D measuring technology for dimensional inspection using industrial sensors  |y eng 
245 1 0 |a Návrh a implementácia 2D meracej technológie na rozmerovú kontrolu pomocou priemyselných senzorov 
260 |c 2022 
650 4 |a laserová triangulácia  |2 slo 
650 4 |a meranie  |2 slo 
650 4 |a 2D merací stroj  |2 slo 
650 4 |a bezdotykové skenovanie  |2 slo 
650 4 |a laser triangulation  |2 eng 
650 4 |a measurement  |2 eng 
650 4 |a 2D measuring machine  |2 eng 
650 4 |a non-contact scanning  |2 eng 
700 1 |a Morovič, Ladislav  |u 063200  |k Z1  |4 ths  |U MTF Ústav výrobných technológií  |T MTF Katedra obrábania a počítačovej podpory technológií  |X 38280  |U M3200  |Y 164  |7 A000038280 
856 4 |u http://is.stuba.sk/zp/portal_zp.pl?podrobnosti=164553 
996 |c M* DP-15053  |l MMSKP  |s P  |a 0  |w stuzp89443_0001